| 000 | 00512nam a2200193 a 4500 | ||
|---|---|---|---|
| 005 | 20140310183246.0 | ||
| 008 | 040906s19uu xx 00 eng d | ||
| 020 | _a0-02-36092-4 | ||
| 050 |
_aQA 76.9.A43 _b.J67 2003 |
||
| 100 | _aJohnsonbaugh, Richard | ||
| 245 | _aAlgorithms/. | ||
| 260 |
_aNew Jersey : _bPrentice Hall, _c2004. |
||
| 300 |
_a751 p. : _c24 cm. |
||
| 500 | _aIncludes index. | ||
| 650 | _aComputer algorithmns. | ||
| 700 | _aSchaefer, Marcus | ||
| 942 |
_cBK _2lcc _kFOR |
||
| 999 |
_c20698 _d20698 |
||